=LDR 00000nam 2200000 4500 =001 INLIS000000000014077 =005 20130612105358 =008 ***********************************Ind** =035 ##$$0010-061300000014077 =041 ##$$a Ind =082 ##$$a 631.5 =090 ##$$a 631.5, Mak p =100 ##$$a Makmur, Amris =245 ##$$a Pemuliaan tanaman bagi lingkungan spesifik, Amris Makmur =260 ##$$a 2003 $b Bogor =300 ##$$a ix, 53 hlm, 24 cm =650 ##$$a Budidaya pertanian =850 ##$$a NBPNMAT